000 00842nam a2200229Ia 4500
001 7329
003 GE_BSU
008 181216s||||||||xx |||||||||||||| ||und||
020 _a9789941435089
040 _cGE_BSU
080 _a821.353.1.09
100 _aაბაშიძე შალვა.
245 _aმშობლიური სახელები. ცხმორისის თემის წარსული და აწმყო.
245 _cრედ: თამაზ აბულაძე.
260 _aბათუმი.
260 _bალიონი.
260 _c2012.
300 _a276 გვ; 21 სმ.ილ.
653 _aმშობლიური სახელები.
653 _aცხმორისის თემის წარსული და აწმყო.
942 _cBK
999 _c40694
_d40694